David O. Russell Filmography - Statistics

General Stats
  • This quiz has been taken 13 times
    4 since last reset
  • The average score is 6 of 21
Answer Stats
Year Movie % Correct
1999 Three Kings
100%
2013 American Hustle
75%
2022 Amsterdam
75%
2004 I Heart Huckabees
75%
2015 Joy
75%
2012 Silver Linings Playbook
75%
2010 The Fighter
75%
2015 Accidental Love
50%
1994 Spanking the Monkey
25%
2019 Above Suspicion
0%
2002 Adaptation.
0%
2004 Anchorman: The Legend of Ron Bergundy
0%
1998 Being John Malkovich
0%
1996 Flirting With Disaster
0%
2013 Her
0%
2003 Lost in Translation
0%
2004 Meet the Fockers
0%
2002 The Slaughter Rule
0%
2003 Thirteen
0%
2004 Wake Up, Ron Bergundy: The Lost Movie
0%
2009 Where the Wild Things Are
0%
No matching quizzes found
Score Distribution
Percent of People with Each Score
Percentile by Number Answered
Your Score History
You have not taken this quiz since the last reset